LDR 00949nam#a2200193#i#450# 001 EN\RIOR\book\3640 005 20260430095950.4 100 ## _a20260429d2026####ek#y0engy0150####ca 102 ## _aRU 200 1# _aCausality in Law _eMonography 210 1# _aMoscow _cPublishing Center RIOR _d2026 215 ## _a311 с. 608 ## _aMonography _2local 675 ## _aСравнительное правоведение. 340.5 _aТеория. Понятие и основы уголовного права. Право наказывать. Исправление правонарушителя. 343.01 _aОбязательственное право. Договоры. Соглашения. 347.4 _z 686 ## _aОбщая теория права. 670 _2bbk 686 ## _aГражданское и торговое право. Семейное право. 67404 _2bbk 686 ## _aУголовное право. 67408 _2bbk 700 #1 _aKlyepitskiy _gIvan 856 4# _ariorpub.com _u